| 000 | 00725nam a22001937a 4500 | ||
|---|---|---|---|
| 003 | BD-DhUL | ||
| 005 | 20170516143656.0 | ||
| 008 | 160504s1994 ii a|||| b||| 000 0 ben d | ||
| 020 | _a817293212X | ||
| 040 |
_aBD-DhUL _cBD-DhUL |
||
| 082 |
_a891.44 _bALR |
||
| 100 | 1 | _aআলী, সৈয়দ মুজতবা । | |
| 245 | 1 | 0 |
_aসৈয়দ মুজতবা আলী রচনাবলী : _bখণ্ড ৭ / _cসৈয়দ মুজতবা আলী । |
| 260 |
_aকলিকাতা : _bমিত্র ও ঘোষ , _c১৯৯৪ । |
||
| 300 |
_aখ. ; _c২১ সেমি.। |
||
| 650 | 0 | _aবাংলা সাহিত্য । | |
| 650 | 0 | _aBangla literature. | |
| 942 |
_2ddc _cBK |
||
| 999 |
_c197659 _d197659 |
||